Monetary economics (Record no. 158741)
[ view plain ]
| 000 -LEADER | |
|---|---|
| fixed length control field | 00572nam a2200241Ia 4500 |
| 003 - CONTROL NUMBER IDENTIFIER | |
| control field | OSt |
| 005 - DATE AND TIME OF LATEST TRANSACTION | |
| control field | 20230503115946.0 |
| 008 - FIXED-LENGTH DATA ELEMENTS--GENERAL INFORMATION | |
| fixed length control field | 210423s2009 xx 000 0 und d |
| 020 ## - INTERNATIONAL STANDARD BOOK NUMBER | |
| International Standard Book Number | 8187125969 |
| 040 ## - CATALOGING SOURCE | |
| Transcribing agency | AL |
| 041 ## - LANGUAGE CODE | |
| Language code of text/sound track or separate title | eng |
| 082 ## - DEWEY DECIMAL CLASSIFICATION NUMBER | |
| Classification number | 332.1 JHIM |
| Edition number | 23 |
| 100 ## - MAIN ENTRY--PERSONAL NAME | |
| Personal name | JHINGAN (M L) |
| 9 (RLIN) | 83294 |
| 245 ## - TITLE STATEMENT | |
| Title | Monetary economics |
| 250 ## - EDITION STATEMENT | |
| Edition statement | 6 |
| 260 ## - PUBLICATION, DISTRIBUTION, ETC. | |
| Place of publication, distribution, etc. | Delhi |
| Name of publisher, distributor, etc. | Vrinda Publications Ltd |
| Date of publication, distribution, etc. | 2009 |
| 300 ## - PHYSICAL DESCRIPTION | |
| Extent | xv,718 |
| Other physical details | PB |
| 365 ## - TRADE PRICE | |
| Price amount | 250 |
| Currency code | INR |
| 650 ## - SUBJECT ADDED ENTRY--TOPICAL TERM | |
| Topical term or geographic name entry element | Banking |
| 9 (RLIN) | 83295 |
| 650 ## - SUBJECT ADDED ENTRY--TOPICAL TERM | |
| Topical term or geographic name entry element | Economics |
| 9 (RLIN) | 83296 |
| 906 ## - LOCAL DATA ELEMENT F, LDF (RLIN) | |
| a | economics ; Monetary |
| 942 ## - ADDED ENTRY ELEMENTS (KOHA) | |
| Source of classification or shelving scheme | Dewey Decimal Classification |
| Koha item type | Book |
| Withdrawn status | Lost status | Damaged status | Not for loan | Collection code | Home library | Current library | Date acquired | Source of acquisition | Cost, normal purchase price | Total Checkouts | Total Renewals | Full call number | Barcode | Date last seen | Date last checked out | Price effective from | Koha item type |
|---|---|---|---|---|---|---|---|---|---|---|---|---|---|---|---|---|---|
| Economics | St Aloysius PG Library | St Aloysius PG Library | 08/24/2010 | Higginbothams Pvt Ltd | 250.00 | 6 | 1 | 332.1 JHIM | PG005218 | 11/22/2023 | 11/10/2023 | 04/26/2021 | Book | ||||
| Economics | St Aloysius PG Library | St Aloysius PG Library | 08/24/2010 | Higginbothams Pvt Ltd | 250.00 | 6 | 2 | 332.1 JHIM | PG005219 | 12/16/2022 | 12/07/2022 | 04/26/2021 | Book | ||||
| Economics | St Aloysius PG Library | St Aloysius PG Library | 08/24/2010 | Higginbothams Pvt Ltd | 250.00 | 332.1 JHIM | PG005220 | 08/24/2022 | 04/26/2021 | Reference | |||||||
| Economics | St Aloysius PG Library | St Aloysius PG Library | 08/24/2010 | Higginbothams Pvt Ltd | 250.00 | 10 | 1 | 332.1 JHIM | PG005221 | 11/22/2023 | 11/10/2023 | 04/26/2021 | Book | ||||
| Economics | St Aloysius PG Library | St Aloysius PG Library | 08/24/2010 | Higginbothams Pvt Ltd | 250.00 | 5 | 1 | 332.1 JHIM | PG005222 | 08/03/2024 | 07/24/2024 | 04/26/2021 | Book | ||||
| Economics | St Aloysius PG Library | St Aloysius PG Library | 08/26/2010 | Book World | 250.00 | 8 | 1 | 332.1 JHIM | PG005243 | 11/22/2023 | 11/15/2023 | 04/26/2021 | Book | ||||
| Economics | St Aloysius PG Library | St Aloysius PG Library | 10/04/2010 | Book World | 250.00 | 6 | 332.1 JHIM | PG005516 | 11/22/2023 | 11/09/2023 | 04/26/2021 | Book |